000 00426nam a2200169Ia 4500
003 GCL
008 140319s9999 xx 000 0 eng d
040 _aGCL /
_cGCL
082 0 4 _a843
_bV S
100 1 _aVERCORS
245 1 0 _aLE SIBENCE DE LA MER /
_cVERCORS
260 _a[S.N] :
_bLIBRAIRE GENERALE FRANCAISE
490 _aLE LIVRE DE POCHE
_v0
650 0 4 _aLITERATURE
650 0 4 _aFRENCH LITERATURE
942 _2ddc
_cBK
999 _c23291
_d23291